| 000 | 00995cam a2200265 a 4500 | ||
|---|---|---|---|
| 022 | _a10247564 | ||
| 040 | _cDLC | ||
| 082 | _a MEI DHU 1999 C074 Or. | ||
| 245 | 0 | 3 | _aCREDIT-BASED MICRO-ENTERPRISE DEVELOPMENT PROGRAMME IN NEPAL. |
| 246 | 1 | _aNGO Business Environmental Partnership | |
| 260 |
_aKathmandu : _bForum for Protection of Public Interest, _cc1999. |
||
| 300 |
_a71 p. : _bill. ; _c27 cm. |
||
| 500 | _a"Prepared by Forum for Protection of Public Interest (Pro Public) ; supported by United States-Asia Environmental Partnership (US-AEP) & The Asia Foundation." | ||
| 650 | 0 | _aPollution | |
| 650 | 0 | _aFactory and trade waste | |
| 650 | 0 | _aPollution prevention | |
| 650 | 0 | _aEnvironmental protection | |
| 700 | 1 | _aParajuli, Sanjaya. | |
| 700 | 1 | _aDorfman, Mark H., | |
| 710 | 2 | _aNGO Business Environmental Partnership. | |
| 710 | 2 | _aForum for Protection of Public Interest (Kathmandu, Nepal) | |
| 710 | 1 | _aUnited States. | |
| 710 | 2 | _aAsia Foundation. | |
| 942 | _cAEDBB | ||
| 999 |
_c22563 _d22563 |
||